|
|
|
|
| LEADER |
00000nam0a2200000 4500 |
| 001 |
284885 |
| 005 |
20231101235735.0 |
| 035 |
|
|
|a (RuTPU)RU\TPU\book\309079
|
| 090 |
|
|
|a 284885
|
| 100 |
|
|
|a 20150219d1956 k y0rusy50 ca
|
| 101 |
0 |
|
|a rus
|
| 102 |
|
|
|a RU
|
| 105 |
|
|
|a a z 001zy
|
| 200 |
1 |
|
|a Лучистый теплообмен в атмосфере
|e [монография]
|f К. Я. Кондратьев
|
| 210 |
|
|
|a Ленинград
|c Гидрометеоиздат
|d 1956
|
| 215 |
|
|
|a 420 с.
|c граф.
|
| 320 |
|
|
|a Библиогр.: с. 399-414
|
| 320 |
|
|
|a Предметный указатель: с. 416-417
|
| 606 |
1 |
|
|a Атмосфера
|x Лучистый теплообмен
|2 stltpush
|3 (RuTPU)RU\TPU\subj\29635
|9 52919
|
| 610 |
1 |
|
|a лучистая энергия
|
| 610 |
1 |
|
|a тепловое излучение
|
| 610 |
1 |
|
|a определения
|
| 610 |
1 |
|
|a понятия
|
| 610 |
1 |
|
|a приборы
|
| 610 |
1 |
|
|a измерения
|
| 610 |
1 |
|
|a поглощение
|
| 610 |
1 |
|
|a приближенные методы
|
| 610 |
1 |
|
|a противоизлучение
|
| 610 |
1 |
|
|a радиационный баланс
|
| 610 |
1 |
|
|a монографии
|
| 675 |
|
|
|a 551.521
|v 4
|
| 700 |
|
1 |
|a Кондратьев
|b К. Я.
|g Кирилл Яковлевич
|
| 702 |
|
1 |
|a Тверской
|b П. Н.
|4 340
|
| 801 |
|
1 |
|a RU
|b 63413507
|c 20150219
|
| 801 |
|
2 |
|a RU
|b 63413507
|c 20180221
|g RCR
|
| 942 |
|
|
|c BK
|